History Quiz

Random History or Clickable Quiz

US Supreme Court (Redux) Quiz Stats

Quiz Updated Apr 7, 2017

Challenge
Share
Tweet
Embed
Score 0/9 Timer 01:00
4 Plays Today
% Correct
Sotomayor
87.4%
Roberts
85.2%
Ginsburg
81.9%
Alito
80.6%
Thomas
78.3%
Kagan
76.5%
Gorsuch
75.2%
Kennedy
74.7%
Breyer
63.7%

You're not logged in!

Compare scores with friends on all Sporcle quizzes.
Sign Up with Email
OR
Log In

You Might Also Like...

Show Comments

Extras

Top Quizzes Today


Score Distribution

Your Account Isn't Verified!

In order to create a playlist on Sporcle, you need to verify the email address you used during registration. Go to your Sporcle Settings to finish the process.